[Event "SVK-chT2B 1718"]
[Site "Slovakia"]
[Date "2017.10.28"]
[Round "1.4"]
[White "Grilus, Marian"]
[Black "Torotto, Antal"]
[Result "1/2-1/2"]
[WhiteElo "1938"]
[BlackElo "2005"]
[PlyCount "23"]
[EventDate "2017.10.28"]
[EventType "team-tourn"]
[EventRounds "11"]
[EventCountry "SVK"]
[SourceTitle "CBM 181 Extra"]
[Source "ChessBase"]
[SourceDate "2017.12.12"]
[SourceVersion "1"]
[SourceVersionDate "2017.12.12"]
[SourceQuality "1"]
[WhiteTeam "Nove Zamky"]
[BlackTeam "Batorove Kosihy"]
[WhiteTeamCountry "SVK"]
[BlackTeamCountry "SVK"]

1. d4 d5 2. c4 e6 3. Nc3 Nf6 4. cxd5 exd5 5. Qc2 c6 6. Bg5 Be7 7. e3 h6 8. Bh4 0-0 9. Bd3 a5 10. Nf3 Be6 11. 0-0 Nbd7 12. Rfe1 1/2-1/2

[Event "SVK-chT2B 1516"]
[Site "Slovakia"]
[Date "2016.02.14"]
[Round "9.3"]
[White "Pytlik, Pavol"]
[Black "Torotto, Antal"]
[Result "1/2-1/2"]
[WhiteElo "2089"]
[BlackElo "2033"]
[PlyCount "141"]
[EventDate "2015.10.17"]
[EventType "team-tourn"]
[EventRounds "11"]
[EventCountry "SVK"]
[SourceTitle "EXT 2019"]
[Source "ChessBase"]
[SourceDate "2018.10.10"]
[SourceVersion "1"]
[SourceVersionDate "2018.10.10"]
[SourceQuality "1"]
[WhiteTeam "Trencin PK"]
[BlackTeam "Batorove Kosihy"]
[WhiteTeamCountry "SVK"]
[BlackTeamCountry "SVK"]

1. e4 c5 2. Nc3 e6 3. f4 d5 4. d3 Nc6 5. Nf3 dxe4 6. Nxe4 Nf6 7. c3 Nxe4 8. dxe4 Qxd1+ 9. Kxd1 a6 10. a4 b6 11. Be3 Bb7 12. Kc2 Be7 13. Rd1 Na5 14. Nd2 Bc6 15. b3 0-0 16. Ra1 Rfd8 17. Be2 h6 18. Bf3 Rd7 19. e5 Bxf3 20. Nxf3 Rad8 21. Rae1 Nc6 22. Re2 Rd5 23. Nd2 b5 24. axb5 axb5 25. Ra1 b4 26. c4 Nd4+ 27. Bxd4 Rxd4 28. Ne4 f5 29. exf6 gxf6 30. Ra6 Kf7 31. Ra7 R8d7 32. Rxd7 Rxd7 33. Rd2 Ra7 34. Kb1 f5 35. Nd6+ Bxd6 36. Rxd6 Rc7 37. Rd8 Kf6 38. Rh8 Kg7 39. Re8 Kf7 40. Rd8 Kf6 41. g3 Kg6 42. Rd6 Kf6 43. Kc2 Ke7 44. Ra6 Kf6 45. Ra8 Kf7 46. Ra5 Kg7 47. Kd3 Rc6 48. Ke2 Kf6 49. Ra8 Kf7 50. h4 Kf6 51. Ke3 Kg6 52. Ra5 Kf6 53. h5 Rc7 54. Ke2 Kf7 55. Kf2 Rd7 56. Ke2 Rc7 57. Ra8 Kg7 58. Re8 Kf7 59. Ra8 Kg7 60. Ra5 Kf6 61. Ke3 Kg7 62. Kf3 Rd7 63. Ke2 Rc7 64. Ra1 Kf6 65. Ke3 Kf7 66. g4 fxg4 67. Ke4 Kf6 68. Ra8 Rg7 69. Rf8+ Ke7 70. Ra8 Kf6 71. Rf8+ 1/2-1/2

[Event "SVK-chT2B 1314"]
[Site "Slovakia"]
[Date "2014.02.23"]
[Round "9.2"]
[White "Marko, Martin"]
[Black "Torotto, Antal"]
[Result "0-1"]
[WhiteElo "1753"]
[BlackElo "2059"]
[PlyCount "72"]
[EventDate "2013.10.19"]
[EventType "team-tourn"]
[EventRounds "11"]
[EventCountry "SVK"]
[SourceTitle "EXT 2015"]
[Source "ChessBase"]
[SourceDate "2014.11.20"]
[SourceVersion "1"]
[SourceVersionDate "2014.11.20"]
[SourceQuality "1"]
[WhiteTeam "Prievidza II"]
[BlackTeam "Batorove Kosihy"]
[WhiteTeamCountry "SVK"]
[BlackTeamCountry "SVK"]

1. c4 e5 2. Nc3 Bb4 3. g3 Bxc3 4. bxc3 Nf6 5. Bg2 0-0 6. Nf3 Nc6 7. 0-0 d6 8. Rb1 Rb8 9. d3 Bf5 10. Bg5 h6 11. Bd2 e4 12. Nh4 Bh7 13. d4 g5 14. Qc1 Kh8 15. Bxg5 hxg5 16. Qxg5 Rg8 17. Qh6 Ng4 18. Qh5 f5 19. f4 Qe8 20. Qxe8 Rgxe8 21. Rb5 Ne3 22. Rfb1 b6 23. Bh3 Nxc4 24. Re1 a6 25. Rbb1 Ne7 26. Kf2 Rf8 27. Bf1 Nd2 28. Rb2 Nxf1 29. Rxf1 Bg8 30. e3 b5 31. h3 Be6 32. Rg1 Rg8 33. Ke1 Nd5 34. Kd2 Nb6 35. Kc1 Nc4 36. Re2 Rg7 0-1

[Event "SVK-chT2B 10/11"]
[Site "Slovakia"]
[Date "2011.03.06"]
[Round "9.6"]
[White "Torotto, Antal"]
[Black "Pereszlenyi, Gejza"]
[Result "1/2-1/2"]
[WhiteElo "2088"]
[BlackElo "2022"]
[PlyCount "62"]
[EventDate "2010.10.23"]
[EventType "team-tourn"]
[EventRounds "11"]
[EventCountry "SVK"]
[SourceTitle "EXT 2019"]
[Source "ChessBase"]
[SourceDate "2018.10.10"]
[SourceVersion "1"]
[SourceVersionDate "2018.10.10"]
[SourceQuality "1"]
[WhiteTeam "Batorove Kosihy"]
[BlackTeam "Nitra NSK II"]
[WhiteTeamCountry "SVK"]
[BlackTeamCountry "SVK"]

1. Nf3 f5 2. d4 Nf6 3. e3 g6 4. b3 Bg7 5. Bb2 0-0 6. Nbd2 b6 7. Bc4+ e6 8. Qe2 a5 9. a3 Ba6 10. Bxa6 Nxa6 11. 0-0 Ne4 12. Qd3 Nac5 13. Qe2 Nxd2 14. Nxd2 d5 15. Rac1 a4 16. b4 Ne4 17. Nxe4 fxe4 18. c4 Qd7 19. c5 Rfb8 20. cxb6 cxb6 21. Rc2 Rc8 22. Rfc1 Bf8 23. g3 b5 24. Kg2 Rc4 25. Rxc4 dxc4 26. Bc3 Qd5 27. f4 Bd6 28. h4 Rf8 29. Rf1 h5 30. g4 Kh7 31. g5 Qf5 1/2-1/2

[Event "SVK-chT2B 10/11"]
[Site "Slovakia"]
[Date "2010.12.04"]
[Round "3.3"]
[White "Belak, Stefan"]
[Black "Torotto, Antal"]
[Result "1-0"]
[WhiteElo "1946"]
[BlackElo "2088"]
[PlyCount "117"]
[EventDate "2010.10.23"]
[EventType "team-tourn"]
[EventRounds "11"]
[EventCountry "SVK"]
[SourceTitle "EXT 2019"]
[Source "ChessBase"]
[SourceDate "2018.10.10"]
[SourceVersion "1"]
[SourceVersionDate "2018.10.10"]
[SourceQuality "1"]
[WhiteTeam "Povazska Bystrica SK Sparta II"]
[BlackTeam "Batorove Kosihy"]
[WhiteTeamCountry "SVK"]
[BlackTeamCountry "SVK"]

1. c4 e5 2. a3 Nf6 3. d3 Be7 4. Nf3 d6 5. g3 0-0 6. Bg2 Nc6 7. 0-0 Bg4 8. h3 Bh5 9. Nc3 Re8 10. g4 Bg6 11. e4 Nd7 12. Nd5 Bf8 13. Bg5 f6 14. Be3 Ne7 15. Nc3 Bf7 16. Ne2 c6 17. Ng3 d5 18. Qc2 g6 19. b4 Be6 20. Rac1 d4 21. Bd2 f5 22. Ng5 Bf7 23. Nxf7 Kxf7 24. exf5 gxf5 25. gxf5 Nf6 26. Bg5 Qd7 27. Be4 Nxe4 28. dxe4 Bg7 29. Qe2 Kg8 30. f6 h6 31. fxg7 hxg5 32. Qh5 Qe6 33. Qxg5 Rad8 34. Qg4 Qxg4 35. hxg4 Kxg7 36. Nf5+ Nxf5 37. gxf5 Kf6 38. f3 Rh8 39. Rc2 Rhg8+ 40. Rg2 Rxg2+ 41. Kxg2 Kg5 42. Rg1 d3 43. Kf2+ Kf6 44. Ke3 Rd4 45. c5 a5 46. Rg6+ Kf7 47. Rd6 axb4 48. axb4 Rxb4 49. Rxd3 Rc4 50. Rb3 Rxc5 51. Rxb7+ Kf6 52. Rb3 Kg5 53. Kd3 Rc1 54. Rc3 Rd1+ 55. Kc4 Kf6 56. Kc5 Rd8 57. Kb6 Rb8+ 58. Kc7 Rb2 59. Kxc6 1-0

[Event "SVK-chT2B 0910"]
[Site "Slovakia"]
[Date "2010.02.27"]
[Round "10"]
[White "Varga, Alexander"]
[Black "Torotto, Antal"]
[Result "1/2-1/2"]
[WhiteElo "1927"]
[BlackElo "2113"]
[PlyCount "104"]
[EventDate "2009.10.10"]
[EventType "team"]
[EventRounds "11"]
[EventCountry "SVK"]
[SourceTitle "EXT 2011"]
[Source "ChessBase"]
[SourceDate "2010.11.26"]
[SourceVersion "1"]
[SourceVersionDate "2010.11.26"]
[SourceQuality "1"]
[WhiteTeam "Sala Slovan Duslo"]
[BlackTeam "Kosihy Europress"]
[WhiteTeamCountry "SVK"]
[BlackTeamCountry "SVK"]

1. d4 g6 2. Nf3 d6 3. e4 c6 4. Be2 Bg7 5. 0-0 Bg4 6. h3 Bxf3 7. Bxf3 Nd7 8. c3 Qc7 9. Be3 Ngf6 10. Qd2 0-0 11. Bh6 b5 12. Bxg7 Kxg7 13. Qc2 a5 14. Nd2 a4 15. b4 Qb6 16. a3 Rac8 17. Qb2 Rfe8 18. c4 e5 19. d5 cxd5 20. cxd5 Qd4 21. Qxd4 exd4 22. Be2 Rc2 23. Rfd1 Nxd5 24. Bxb5 N5b6 25. Nf3 Rec8 26. Rxd4 Ne5 27. Rxd6 Rc1+ 28. Rd1 Nxf3+ 29. gxf3 R1c3 30. Kg2 Rb3 31. Rd6 Nc4 32. Rc6 Rxc6 33. Bxc6 Nxa3 34. Bxa4 Rc3 35. b5 Nc4 36. Ra2 Nb6 37. Bd1 Rc7 38. Be2 Kf8 39. Ra6 Rb7 40. f4 Ke7 41. f5 gxf5 42. exf5 Nd5 43. Bf3 Rxb5 44. Bxd5 Rxd5 45. Rh6 Rxf5 46. Rxh7 Kf6 47. Rh4 Rg5+ 48. Rg4 Rh5 49. f3 Kf5 50. Kg3 f6 51. f4 Rh7 52. Rg8 Ra7 1/2-1/2

[Event "Tatry op"]
[Site "Tatranske Zruby"]
[Date "2009.09.29"]
[Round "3"]
[White "Sturc, Jan"]
[Black "Torotto, Antal"]
[Result "1-0"]
[WhiteElo "2013"]
[BlackElo "2113"]
[PlyCount "55"]
[EventDate "2009.09.27"]
[EventType "swiss"]
[EventRounds "9"]
[EventCountry "SVK"]
[SourceTitle "EXT 2011"]
[Source "ChessBase"]
[SourceDate "2010.11.26"]
[SourceVersion "1"]
[SourceVersionDate "2010.11.26"]
[SourceQuality "1"]

1. e4 c5 2. Nf3 a6 3. c4 d6 4. d4 cxd4 5. Nxd4 Nf6 6. Nc3 e6 7. Be3 Be7 8. Be2 0-0 9. 0-0 b6 10. f3 Bb7 11. Qe1 Nbd7 12. g4 Rc8 13. g5 Ne8 14. Qg3 Ne5 15. b3 b5 16. f4 bxc4 17. fxe5 dxe5 18. Nxe6 fxe6 19. Bxc4 Kh8 20. Rxf8+ Bxf8 21. Qxe5 Qd6 22. Rf1 Be7 23. Bd4 Qxe5 24. Bxe5 Bd6 25. Bxe6 Rd8 26. Bd5 Bc8 27. Rf7 h6 28. g6 1-0

[Event "Tatry op"]
[Site "Tatranske Zruby"]
[Date "2009.09.27"]
[Round "1"]
[White "Bucek, Eduard"]
[Black "Torotto, Antal"]
[Result "0-1"]
[WhiteElo "2018"]
[BlackElo "2113"]
[PlyCount "114"]
[EventDate "2009.09.27"]
[EventType "swiss"]
[EventRounds "9"]
[EventCountry "SVK"]
[SourceTitle "EXT 2011"]
[Source "ChessBase"]
[SourceDate "2010.11.26"]
[SourceVersion "1"]
[SourceVersionDate "2010.11.26"]
[SourceQuality "1"]

1. d4 g6 2. e4 Bg7 3. f4 d6 4. Nf3 Bg4 5. Be3 c5 6. Bb5+ Nd7 7. 0-0 a6 8. Bxd7+ Bxd7 9. Nc3 cxd4 10. Bxd4 Nf6 11. e5 dxe5 12. fxe5 Nh5 13. Ng5 0-0 14. g4 Bh6 15. Nxf7 Rxf7 16. Rxf7 Kxf7 17. gxh5 Bf5 18. hxg6+ hxg6 19. e6+ Kg8 20. Bf2 Qf8 21. Nd5 Bxe6 22. Nc7 Rd8 23. Qe2 Bf7 24. Rd1 Rxd1+ 25. Qxd1 Bf4 26. Bg3 Be3+ 27. Kg2 Qc8 28. Qf3 Bb6 29. Qf4 Qd7 30. b3 Qc6+ 31. Kh3 Qxc2 32. Qe5 Qf5+ 33. Qxf5 gxf5 34. Kh4 Be3 35. Be5 Kh7 36. Kg3 Kg6 37. Kf3 Bc1 38. Na8 Bd5+ 39. Kg3 Be3 40. Nc7 Bf7 41. Kf3 Bb6 42. Kf4 Ba5 43. Ke3 Kg5 44. Kd4 Bb6+ 45. Kd3 Kg4 46. Na8 Bg1 47. Ke2 f4 48. h3+ Kf5 49. Bc7 e5 50. Nb6 e4 51. Nc4 Bxc4+ 52. bxc4 f3+ 53. Kf1 Bd4 54. h4 Kg4 55. Bd8 e3 56. a4 e2+ 57. Ke1 Bc3+ 0-1

[Event "Tatry op"]
[Site "Tatranske Zruby"]
[Date "2008.10.02"]
[Round "7"]
[White "Torotto, Antal"]
[Black "Skliba, Martin"]
[Result "0-1"]
[WhiteElo "2133"]
[BlackElo "2303"]
[PlyCount "72"]
[EventDate "2008.09.27"]
[EventType "swiss"]
[EventRounds "9"]
[EventCountry "SVK"]
[SourceTitle "CBM 126 Extra"]
[Source "ChessBase"]
[SourceDate "2008.11.05"]
[SourceVersion "1"]
[SourceVersionDate "2008.11.05"]
[SourceQuality "1"]

1. d4 Nf6 2. g3 g6 3. Bg2 d5 4. Nf3 Bg7 5. 0-0 0-0 6. b3 c5 7. e3 Nc6 8. Bb2 Ne4 9. Ne5 Qc7 10. Nxc6 bxc6 11. Nd2 Nxd2 12. Qxd2 Bf5 13. Rac1 cxd4 14. exd4 Be4 15. f3 Bf5 16. c4 Qb6 17. cxd5 cxd5 18. Kh1 a5 19. Rc5 e5 20. Rfc1 exd4 21. Bxd4 Qb4 22. Qxb4 axb4 23. Bxg7 Kxg7 24. Rxd5 Rxa2 25. Bf1 Rb2 26. Bc4 Ra8 27. g4 Be6 28. Rb5 Bxc4 29. bxc4 Raa2 30. c5 b3 31. c6 Rxh2+ 32. Kg1 Rag2+ 33. Kf1 Rc2 34. Kg1 Rhd2 35. Rc5 b2 36. R5xc2 Rxc2 0-1

[Event "Tatry op"]
[Site "Tatranske Zruby"]
[Date "2008.09.30"]
[Round "5"]
[White "Torotto, Antal"]
[Black "Karlik, Vladimir"]
[Result "1/2-1/2"]
[WhiteElo "2133"]
[BlackElo "2301"]
[PlyCount "52"]
[EventDate "2008.09.27"]
[EventType "swiss"]
[EventRounds "9"]
[EventCountry "SVK"]
[SourceTitle "CBM 126 Extra"]
[Source "ChessBase"]
[SourceDate "2008.11.05"]
[SourceVersion "1"]
[SourceVersionDate "2008.11.05"]
[SourceQuality "1"]

1. e4 g6 2. d4 Bg7 3. Nf3 d6 4. h3 Nf6 5. Bd3 0-0 6. 0-0 c5 7. c3 Qc7 8. Qe2 b6 9. a4 Bb7 10. Bf4 Nh5 11. Bh2 e5 12. Na3 a6 13. Nc4 Nd7 14. dxe5 dxe5 15. Rfd1 Nf4 16. Bxf4 exf4 17. Bc2 Bc6 18. Nd6 Ne5 19. Nxe5 Bxe5 20. Nc4 Bg7 21. a5 b5 22. Nb6 Rae8 23. f3 f5 24. Nd5 Qb7 25. Qf2 c4 26. Qb6 Kh8 1/2-1/2

[Event "SVK-chT2B 0708"]
[Site "Slovakia"]
[Date "2008.02.03"]
[Round "9.2"]
[White "Tomka, Jan"]
[Black "Torotto, Antal"]
[Result "1/2-1/2"]
[WhiteElo "2117"]
[BlackElo "2112"]
[PlyCount "34"]
[EventDate "2007.10.06"]
[EventType "team-tourn"]
[EventRounds "11"]
[EventCountry "SVK"]
[SourceTitle "EXT 2010"]
[Source "ChessBase"]
[SourceDate "2010.11.25"]
[SourceVersion "1"]
[SourceVersionDate "2010.11.25"]
[SourceQuality "1"]
[WhiteTeam "Topolcianky SK"]
[BlackTeam "Batorove Kosihy"]
[WhiteTeamCountry "SVK"]
[BlackTeamCountry "SVK"]

1. Nf3 c5 2. g3 Nc6 3. Bg2 g6 4. 0-0 Bg7 5. c4 e6 6. Nc3 Nge7 7. d3 d5 8. cxd5 Nxd5 9. Qb3 Nxc3 10. bxc3 0-0 11. Be3 Na5 12. Qa3 b6 13. Nd2 Bb7 14. Bxb7 Nxb7 15. Ne4 h6 16. Rab1 Kh7 17. c4 f5 1/2-1/2